Capitales européennes par latitude. - Statistiques

Statistiques générales
  • Ce quiz a été pris 12 fois
  • Le résultat moyen est 25 sur 44
Statistiques - réponses
HINT ANSWER % Correct
2 Helsinki
100%
3 Oslo
100%
1 Reykjavik
100%
6 Riga
100%
5 Stockholm
100%
4 Tallinn
100%
13 Amsterdam
89%
12 Berlin
89%
16 Bruxelles
89%
8 Copenhague
89%
15 Londres
89%
10 Minsk
89%
7 Moscou
89%
14 Varsovie
89%
9 Vilnius
89%
11 Dublin
78%
17 Kiev
78%
19 Luxembourg
78%
18 Prague
78%
22 Bratislava
67%
20 Paris
67%
21 Vienne
67%
23 Budapest
44%
24 Vaduz
44%
29 Belgrade
33%
26 Berne
33%
30 Bucarest
33%
25 Chisinau
33%
27 Ljubljana
33%
33 Monaco
33%
32 Sarajevo
33%
34 Sofia
33%
28 Zagreb
33%
35 Andorre-la-Vieille
22%
42 Athènes
22%
31 San Marino
22%
36 Skopje
22%
38 Tirana
22%
40 Ankara
11%
41 Lisbonne
11%
39 Madrid
11%
44 Nicosie
11%
37 Rome
11%
43 Valletta
11%
Aucun quiz correspondant
Distribution des résultats
% des personnes avec chaque résultat
Percentile par nombre de réponses
Votre historique - résultats
Vous n’avez pas pris ce quiz